Commented Translation of a Selected Text in English Language George Orwell – A Clergyman’s Daughter

Guardado en:
Detalles Bibliográficos
Autor principal: Frátrik, Richard
Autor Corporativo: Fakulta aplikovaných jazykov EU v Bratislave. Katedra jazykovedy a translatológie
Otros Autores: Vargová, Dominika, 1987-
Formato: Libro
Lenguaje:inglés
Publicado: Bratislava 2024
Etiquetas: Agregar Etiqueta
Sin Etiquetas, Sea el primero en etiquetar este registro!

MARC

LEADER 00000nbm a2200000 4500
001 0300565
005 20250919115146.0
041 0 |a eng 
044 |a SK 
245 1 0 |a Commented Translation of a Selected Text in English Language  |b George Orwell – A Clergyman’s Daughter  |c Richard Frátrik ; školiteľ: Dominika Vargová 
264 1 |a Bratislava  |c 2024 
300 |a 118 s. 
100 1 |a Frátrik, Richard 
700 1 |a Vargová, Dominika, 1987- 
710 2 |a Fakulta aplikovaných jazykov EU v Bratislave. Katedra jazykovedy a translatológie